olympique lyonnais effectif 2026 - Statistiques

Statistiques générales
  • Ce quiz a été pris 245 fois
  • Le résultat moyen est 19 sur 27
Statistiques - réponses
Hint Réponse % Correct
GARDIEN DESCHAMPS
97%
GARDIEN GREIF
94%
DEFENSEUR CENTRAL MATA
94%
DEFENSEUR CENTRAL NIAKHATE
93%
DEFENSEUR GAUCHE TAGLIAFICO
93%
MILIEU TOLISSO
93%
BUTEUR ENDRICK
91%
DEFENSEUR GAUCHE ABNER
89%
AILIER FOFANA
89%
MILEU SULC
85%
MILIEU TESSMAN
85%
AILIER MOREIRA
83%
DEFENSEUR DROIT MAITLAND NILES
81%
MILIEU MORTON
79%
DEFENSEUR CENTRAL KLUIVERT
78%
MILIEU MERAH
76%
BUTEUR YAREMCHUK
68%
MILIEU KARABEC
66%
AILIER HIMBERT
63%
MILIEU NARTEY
59%
MILIEU DE CARVALHO
55%
GARDIEN DIARRA
53%
MILIEU MANGALA
53%
DEFENSEUR CENTRAL KAMARA
51%
AILIER GHEZZAL
40%
BUTEUR MOLEBE
30%
DEFENSEUR CENTRAL HATEBOERT
3%
Aucun quiz correspondant
Distribution des résultats
% des personnes avec chaque résultat
Percentile par nombre de réponses
Votre historique - résultats
Vous n’avez pas pris ce quiz